[Event "L. Polugaevsky Memorial 2012"]
[Site "Samara"]
[Date "2012.07.07"]
[Round "3.4"]
[White "Bukavshin, Ivan"]
[Black "Smirnov, Pavel"]
[Result "0-1"]
[WhiteElo "2487"]
[BlackElo "2592"]
[PlyCount "101"]
[EventDate "2012.07.05"]

1. d4 Nf6 2. c4 e6 3. Nf3 b6 4. Nc3 Bb7 5. e3 d5 6. Bd3 dxc4 7. Bxc4 a6 8. O-O
b5 9. Bb3 Nbd7 10. e4 b4 11. e5 bxc3 12. exf6 cxb2 13. fxg7 Bxg7 14. Bxb2 O-O
15. Qe2 Bd5 16. Bxd5 exd5 17. Rac1 Nb6 18. Ne5 f6 19. Nc6 Qd7 20. Na5 Rfe8 21.
Qc2 Qb5 22. Bc3 Re2 23. Qb3 Bh6 24. Rb1 Qxb3 25. axb3 Rc2 26. Bb4 Nd7 27. Rfd1
Re8 28. Kf1 Ree2 29. Be1 f5 30. Nb7 Nf6 31. Nc5 Ng4 32. Nd3 Be3 33. Nb4 Rxe1+
34. Rxe1 Rxf2+ 35. Kg1 Rb2+ 36. Kh1 Nf2+ 37. Kg1 Rxb1 38. Rxb1 Nd3+ 39. Kf1
Nxb4 40. Ke2 f4 41. g3 Bxd4 42. gxf4 Kf7 43. Kf3 c5 44. Re1 Nc6 45. Rd1 a5 46.
Rd2 c4 47. bxc4 dxc4 48. Ke4 c3 49. Ra2 Nb4 50. Rxa5 c2 51. Ra7+ 0-1

[Event "L. Polugaevsky Memorial 2012"]
[Site "Samara"]
[Date "2012.07.07"]
[Round "3.8"]
[White "Geller, Jakov"]
[Black "Iskusnyh, Sergei"]
[Result "1-0"]
[WhiteElo "2555"]
[BlackElo "2478"]
[PlyCount "43"]
[EventDate "2012.07.05"]

1. e4 e6 2. d4 d5 3. Nc3 Nf6 4. Bg5 dxe4 5. Nxe4 Nbd7 6. Nf3 h6 7. Nxf6+ Nxf6
8. Bh4 c5 9. Bc4 a6 10. O-O cxd4 11. Qe2 b5 12. Bb3 d3 13. cxd3 Be7 14. Ne5 Qb6
15. Rac1 Bb7 16. Rfe1 Rd8 17. Nxf7 Kxf7 18. Bxe6+ Kf8 19. Bxf6 gxf6 20. Qh5 Rh7
21. Qg6 Rg7 22. Qxh6 1-0

[Event "L. Polugaevsky Memorial 2012"]
[Site "Samara"]
[Date "2012.07.07"]
[Round "3.9"]
[White "Natacheev, Peter"]
[Black "Tukhaev, Adam"]
[Result "1/2-1/2"]
[WhiteElo "2242"]
[BlackElo "2546"]
[PlyCount "81"]
[EventDate "2012.07.05"]

1. e4 c5 2. Nf3 d6 3. d4 cxd4 4. Nxd4 Nf6 5. Nc3 a6 6. Bg5 e6 7. f4 Qc7 8. Be2
b5 9. a3 Nbd7 10. O-O Bb7 11. Bf3 Be7 12. Qe2 O-O 13. Rad1 Rab8 14. Rfe1 h6 15.
Bh4 Nb6 16. Kh1 Nxe4 17. Ncxb5 axb5 18. Nxb5 Qd7 19. Bxe7 Qxe7 20. Bxe4 Bxe4
21. Qxe4 d5 22. Qe2 Qf6 23. Nd4 Nc4 24. b3 Nxa3 25. f5 Rfe8 26. fxe6 fxe6 27.
Rf1 Qg6 28. Ra1 e5 29. Nf5 Nb5 30. Ra5 Nd4 31. Nxd4 exd4 32. Qf3 Qxc2 33. Qxd5+
Kh7 34. Qxd4 Rxb3 35. Ra7 Qg6 36. Ra2 Rb1 37. Qg1 Rxf1 38. Qxf1 Rb8 39. Ra1 Rb2
40. Re1 Rd2 41. Qf3 1/2-1/2

[Event "L. Polugaevsky Memorial 2012"]
[Site "Samara"]
[Date "2012.07.07"]
[Round "3.10"]
[White "Timofeev, Artyom"]
[Black "Mokshanov, Alexey"]
[Result "1-0"]
[WhiteElo "2641"]
[BlackElo "2413"]
[PlyCount "81"]
[EventDate "2012.07.05"]

1. d4 d5 2. c4 e6 3. Nc3 Nf6 4. Bg5 Be7 5. cxd5 exd5 6. e3 O-O 7. Bd3 c6 8. Qc2
Nbd7 9. Nge2 Re8 10. O-O Nf8 11. f3 Be6 12. Rad1 Rc8 13. Kh1 a6 14. a3 N6d7 15.
Bf4 Ng6 16. h3 Bf6 17. b4 Nxf4 18. Bxh7+ Kh8 19. Nxf4 g6 20. Bxg6 fxg6 21.
Nxg6+ Kg7 22. Nf4 Bf7 23. e4 Bg5 24. Nfe2 dxe4 25. fxe4 Rf8 26. Nf4 Bxf4 27.
Rxf4 Bh5 28. Rdf1 Rxf4 29. Rxf4 Qg5 30. Qd2 Qg3 31. Rf5 Bg6 32. Ne2 Qh4 33. Rf4
Qe7 34. Rg4 Rh8 35. Nf4 Rh6 36. d5 Kh7 37. Ne6 Nf6 38. Qg5 cxd5 39. exd5 Qf7
40. Rf4 Bc2 41. Qe5 1-0

[Event "L. Polugaevsky Memorial 2012"]
[Site "Samara"]
[Date "2012.07.07"]
[Round "3.11"]
[White "Bocharov, Dmitry"]
[Black "Predke, Alexandr"]
[Result "1/2-1/2"]
[WhiteElo "2600"]
[BlackElo "2464"]
[PlyCount "118"]
[EventDate "2012.07.05"]

1. d4 d5 2. c4 c6 3. Nf3 Nf6 4. e3 e6 5. Bd3 dxc4 6. Bxc4 c5 7. O-O Nc6 8. Qe2
cxd4 9. Rd1 Be7 10. exd4 O-O 11. Nc3 Na5 12. Bd3 b6 13. Ne5 Bb7 14. Bg5 Nd5 15.
Bd2 Rc8 16. Be4 Nxc3 17. Bxc3 Bd5 18. Bxa5 bxa5 19. Rac1 Rxc1 20. Rxc1 Bf6 21.
g3 Bxa2 22. Nc6 Qd6 23. Qh5 g6 24. Qxa5 Bb3 25. Rc3 Bd1 26. Qxa7 Kg7 27. b4 Be2
28. Qc5 Qxc5 29. bxc5 Ra8 30. Kg2 Bb5 31. Ne5 Rd8 32. Nf3 Be2 33. c6 Bxf3+ 34.
Bxf3 Bxd4 35. Rd3 Bb6 36. Rb3 Bc7 37. Rb7 Rc8 38. Be2 Bd6 39. Bb5 Rc7 40. Rb6
Kf6 41. Ra6 Ke7 42. Ra8 f5 43. Kf3 e5 44. Ke2 e4 45. f3 exf3+ 46. Kxf3 Ke6 47.
Ke3 Kd5 48. Kd3 f4 49. gxf4 Bxf4 50. h4 Bg3 51. h5 gxh5 52. Ba4 h4 53. Rd8+ Bd6
54. Rd7 h3 55. Rxc7 Bxc7 56. Bd1 Kxc6 57. Bg4 h2 58. Bf3+ Kd6 59. Ke2 Ke5
1/2-1/2

[Event "L. Polugaevsky Memorial 2012"]
[Site "Samara"]
[Date "2012.07.07"]
[Round "3.12"]
[White "Yandarbiev, Ruslan"]
[Black "Maletin, Pavel"]
[Result "0-1"]
[WhiteElo "2375"]
[BlackElo "2596"]
[PlyCount "74"]
[EventDate "2012.07.05"]

1. e4 d6 2. d4 g6 3. Nf3 Bg7 4. Nc3 a6 5. Be2 b5 6. O-O Bb7 7. Re1 Nd7 8. a4 b4
9. Na2 Bxe4 10. Ng5 Bb7 11. Bf3 d5 12. Nxb4 Ngf6 13. c4 c6 14. a5 h6 15. Nh3 g5
16. Ra3 O-O 17. cxd5 cxd5 18. Be2 e5 19. dxe5 Nxe5 20. f4 Nc4 21. fxg5 hxg5 22.
Bxc4 dxc4 23. Nxg5 Re8 24. Rxe8+ Qxe8 25. Rg3 Rd8 26. Qf1 Qa4 27. Qxc4 Bd5 28.
Qc5 Qd1+ 29. Kf2 Ng4+ 30. Rxg4 Qxg4 31. Nxd5 Qf5+ 32. Nf3 Rxd5 33. Qc7 Rxa5 34.
Be3 Rb5 35. Qd8+ Bf8 36. Bd4 Rd5 37. Qh4 Rxd4 0-1

[Event "L. Polugaevsky Memorial 2012"]
[Site "Samara"]
[Date "2012.07.07"]
[Round "3.13"]
[White "Shomoev, Anton"]
[Black "Rozhko, Dmitry"]
[Result "1/2-1/2"]
[WhiteElo "2582"]
[BlackElo "2406"]
[PlyCount "202"]
[EventDate "2012.07.05"]

1. d4 d5 2. c4 c6 3. Nf3 Nf6 4. e3 Bf5 5. Nc3 e6 6. Nh4 Bg6 7. Nxg6 hxg6 8. Bd3
Nbd7 9. O-O Bd6 10. h3 O-O 11. Qb3 Rb8 12. Rd1 Qe7 13. Bd2 dxc4 14. Bxc4 e5 15.
dxe5 Qxe5 16. g3 Qf5 17. Bf1 Ne5 18. Bg2 Nf3+ 19. Kh1 Rfd8 20. e4 Qh5 21. Be3
Ng4 22. Ne2 Nxe3 23. Qxe3 Ng5 24. Ng1 b6 25. f4 Bc5 26. Qe2 Bxg1 27. Qxh5 gxh5
28. Kxg1 Ne6 29. h4 Nd4 30. Kf2 g6 31. Rd2 c5 32. Rad1 a5 33. Bf1 Kf8 34. a3
Ke7 35. b4 axb4 36. axb4 Ra8 37. bxc5 bxc5 38. Rc1 Nb3 39. Rxd8 Ra2+ 40. Ke3
Nxc1 41. Rc8 Ra3+ 42. Kf2 Rc3 43. Rc7+ Kf8 44. Rc8+ Ke7 45. Bb5 Nb3 46. e5 Ke6
47. Rc6+ Ke7 48. Rc7+ Kf8 49. Rc8+ Kg7 50. Be8 Nd2 51. Rc7 Ne4+ 52. Ke1 Rxg3
53. Bxf7 Kf8 54. Bd5 Re3+ 55. Kf1 Nc3 56. Bb7 Ne4 57. Kg2 Rg3+ 58. Kh2 Re3 59.
Bd5 Ng3 60. Rf7+ Ke8 61. Rf6 Nf5 62. Bf7+ Ke7 63. Bxg6 Nxh4 64. Bxh5 c4 65. Rc6
c3 66. Bg4 Nf3+ 67. Kg2 Nd4 68. Rc7+ Ke8 69. Bh5+ Kd8 70. Rc4 Rd3 71. Bg4 c2
72. Rc8+ Ke7 73. f5 Rd2+ 74. Kg3 Ne2+ 75. Bxe2 Rxe2 76. Kf4 Rf2+ 77. Ke4 Re2+
78. Kd4 Kd7 79. Rc3 Kd8 80. Kd5 Kd7 81. Rc4 Rd2+ 82. Ke4 Re2+ 83. Kf4 Ke7 84.
Rc3 Rf2+ 85. Ke4 Re2+ 86. Kd5 Rd2+ 87. Ke4 Re2+ 88. Kf4 Rf2+ 89. Kg4 Re2 90.
f6+ Ke6 91. Kg5 Kxe5 92. f7 Rg2+ 93. Kh6 Rh2+ 94. Kg7 Rg2+ 95. Kf8 Kd4 96. Rc6
Rf2 97. Ke8 Kd3 98. f8=Q Rxf8+ 99. Kxf8 Kd2 100. Kg8 c1=Q 101. Rxc1 Kxc1
1/2-1/2

[Event "L. Polugaevsky Memorial 2012"]
[Site "Samara"]
[Date "2012.07.07"]
[Round "3.14"]
[White "Fedoseev, Vladimir"]
[Black "Klyuev, Alexander S"]
[Result "0-1"]
[WhiteElo "2506"]
[BlackElo "2191"]
[PlyCount "108"]
[EventDate "2012.07.05"]

1. d4 d5 2. c4 e6 3. Nc3 Nf6 4. Bf4 Nbd7 5. e3 Be7 6. a3 c6 7. h3 O-O 8. Nf3 b6
9. cxd5 exd5 10. Bd3 Bb7 11. O-O c5 12. Qb1 a6 13. dxc5 bxc5 14. Be2 Qb6 15.
Rd1 Rad8 16. b3 Rfe8 17. Qc2 Qa7 18. Rab1 Rc8 19. Qb2 Bf8 20. b4 d4 21. exd4
cxb4 22. Na2 Be4 23. Bd3 bxa3 24. Qd2 Bxf3 25. gxf3 Qa8 26. Kg2 Nh5 27. Bh2
Ndf6 28. Nc3 a5 29. Nb5 Bb4 30. Qa2 Nd5 31. Bf1 Ndf4+ 32. Kg1 Qxf3 33. Qb3 Ne2+
34. Bxe2 Qxe2 35. Nd6 Bxd6 36. Bxd6 Qe4 37. Qxa3 Re6 38. Bg3 Nf4 39. Bxf4 Qxf4
40. d5 Rg6+ 41. Kf1 h6 42. Qe3 Qh2 43. Ke2 Rg5 44. Rd4 Rc2+ 45. Kd3 Rxf2 46.
Qe4 Qg3+ 47. Kc4 Qc7+ 48. Kb5 Rg6 49. Ka4 Qd7+ 50. Ka3 Qd6+ 51. Ka4 Ra2+ 52.
Kb5 Qb6+ 53. Kc4 Ra4+ 54. Kc3 Qxd4+ 0-1

[Event "L. Polugaevsky Memorial 2012"]
[Site "Samara"]
[Date "2012.07.07"]
[Round "3.16"]
[White "Bochkarev, Alexey"]
[Black "Dvoirys, Semen I"]
[Result "1-0"]
[WhiteElo "2410"]
[BlackElo "2580"]
[PlyCount "160"]
[EventDate "2012.07.05"]

1. d4 Nf6 2. Nf3 e6 3. Bg5 c5 4. e3 Nc6 5. c3 h6 6. Bh4 d5 7. Nbd2 Be7 8. Bd3
Nd7 9. Bg3 O-O 10. Ne5 Ndxe5 11. Bxe5 Nxe5 12. dxe5 Bd7 13. O-O Bc6 14. Qe2 c4
15. Bc2 Bc5 16. Nf3 Qc7 17. Rad1 Rfd8 18. Bb1 g6 19. Rd2 Bf8 20. Rfd1 Ba4 21.
Re1 Bg7 22. e4 dxe4 23. Rxd8+ Rxd8 24. Bxe4 Be8 25. h3 b5 26. a3 a5 27. h4 Qc5
28. Bc2 b4 29. axb4 axb4 30. Nd4 Rd5 31. Nf3 b3 32. Be4 Rd8 33. Bb1 h5 34. g3
Bc6 35. Be4 Bxe4 36. Qxe4 Qd5 37. Qxd5 exd5 38. Ra1 Bh6 39. Kf1 Re8 40. Kg2 Bg7
41. Ra5 Bxe5 42. Rxd5 Bf6 43. Nd2 Rb8 44. Nxc4 Bxc3 45. bxc3 b2 46. Nxb2 Rxb2
47. Kf3 Rc2 48. Rd3 Kf8 49. Ke3 Ke7 50. f4 Ke6 51. Kd4 Kd6 52. Rf3 Rd2+ 53. Kc4
Rg2 54. Rd3+ Kc6 55. Kd4 Kd6 56. c4 Rc2 57. Rc3 Rd2+ 58. Ke3 Rg2 59. Kf3 Rg1
60. Rd3+ Ke6 61. Rc3 Kd6 62. Ke4 Re1+ 63. Kd4 Rd1+ 64. Rd3 Rc1 65. Ra3 Rd1+ 66.
Ke3 Rc1 67. Ra6+ Ke7 68. Kd4 Rd1+ 69. Ke4 Re1+ 70. Kd5 Rd1+ 71. Kc6 Rd4 72. c5
Rd3 73. Kb7 Rc3 74. c6 Rc4 75. Rb6 Kd6 76. Rb1 Rd4 77. c7 Rc4 78. c8=Q Rxc8 79.
Kxc8 Ke6 80. Rg1 Kf5 1-0

[Event "L. Polugaevsky Memorial 2012"]
[Site "Samara"]
[Date "2012.07.07"]
[Round "3.18"]
[White "Dugushov, Sergey"]
[Black "Iljushin, Alexei"]
[Result "0-1"]
[WhiteElo "2132"]
[BlackElo "2517"]
[PlyCount "34"]
[EventDate "2012.07.05"]

1. d4 e6 2. c4 f5 3. g3 Nf6 4. Bg2 c6 5. Nh3 d6 6. O-O Be7 7. Nc3 e5 8. dxe5
dxe5 9. Qxd8+ Bxd8 10. e4 O-O 11. Kh1 Na6 12. Ng1 Nb4 13. Bg5 Nd3 14. b3 Ng4
15. Be3 f4 16. gxf4 exf4 17. Bd4 c5 0-1

[Event "L. Polugaevsky Memorial 2012"]
[Site "Samara"]
[Date "2012.07.07"]
[Round "3.19"]
[White "Kopylov, Alexander A"]
[Black "Sviridova, Vlada"]
[Result "1-0"]
[WhiteElo "2446"]
[BlackElo "2115"]
[PlyCount "65"]
[EventDate "2012.07.05"]

1. d4 d5 2. c4 c6 3. Nf3 Nf6 4. e3 a6 5. Nc3 b5 6. c5 Bf5 7. Qb3 a5 8. Ne5 a4
9. Qd1 g6 10. g4 Be6 11. Bg2 Bg7 12. O-O Qc8 13. g5 Nfd7 14. e4 Nxe5 15. exd5
Bg4 16. f3 Nxf3+ 17. Bxf3 Bxf3 18. Qxf3 Bxd4+ 19. Be3 Bxe3+ 20. Qxe3 O-O 21.
Qxe7 Na6 22. Ne4 cxd5 23. Nf6+ Kh8 24. Nd7 Kg8 25. Rad1 Nc7 26. Nf6+ Kh8 27.
Qe5 Ra6 28. Nxd5+ f6 29. gxf6 Nxd5 30. f7+ Nf6 31. Rxf6 Qg4+ 32. Kh1 Kg7 33.
Rf4+ 1-0

[Event "L. Polugaevsky Memorial 2012"]
[Site "Samara"]
[Date "2012.07.07"]
[Round "3.20"]
[White "Idrisova, Roza"]
[Black "Vokarev, Sergey"]
[Result "0-1"]
[WhiteElo "2101"]
[BlackElo "2437"]
[PlyCount "66"]
[EventDate "2012.07.05"]

1. d4 Nf6 2. c4 e6 3. Nc3 Bb4 4. Qc2 O-O 5. a3 Bxc3+ 6. Qxc3 d6 7. Bg5 Nbd7 8.
f3 h6 9. Bh4 b6 10. e3 Ba6 11. Bd3 c5 12. Ne2 Rc8 13. Qb3 d5 14. Rc1 b5 15.
cxb5 c4 16. Bxc4 dxc4 17. Rxc4 Rxc4 18. Qxc4 Qa5+ 19. Nc3 Rc8 20. Qb3 Bxb5 21.
Kf2 Bc4 22. Qc2 Nd5 23. Nxd5 Qxd5 24. Rc1 e5 25. Rd1 Qb7 26. b4 Bd5 27. Qb2 e4
28. Qe2 Nb6 29. Bg3 Bb3 30. Rb1 Rc2 31. Rxb3 Rxe2+ 32. Kxe2 Qc6 33. Kd2 Nc4+
0-1

[Event "L. Polugaevsky Memorial 2012"]
[Site "Samara"]
[Date "2012.07.07"]
[Round "3.21"]
[White "Smirnov, Alexey"]
[Black "Smetanov, Nikolay"]
[Result "1-0"]
[WhiteElo "2414"]
[BlackElo "2095"]
[PlyCount "81"]
[EventDate "2012.07.05"]

1. d4 Nf6 2. c4 g6 3. Nc3 d5 4. Nf3 Bg7 5. Bf4 O-O 6. e3 c5 7. dxc5 Qa5 8. Rc1
Ne4 9. cxd5 Nxc3 10. bxc3 Bxc3+ 11. Nd2 Nd7 12. Qc2 Bb4 13. Be2 Qxc5 14. e4
Qxc2 15. Rxc2 Nc5 16. O-O Bxd2 17. Bxd2 Nxe4 18. Bb4 Rd8 19. Re1 Bf5 20. g4
Rac8 21. Rb2 Bd7 22. Bxe7 Re8 23. d6 Nc5 24. Rd1 b6 25. g5 Na4 26. Rb4 Nc3 27.
Rd2 Nxe2+ 28. Rxe2 Rc1+ 29. Kg2 Rc3 30. h4 Bc6+ 31. Kh2 Bd7 32. Rbe4 Rcc8 33.
f3 Bc6 34. Rd4 Bd7 35. Kg3 Rc5 36. h5 Rc3 37. hxg6 fxg6 38. Rh2 Rec8 39. Bf6
Re8 40. Rdh4 Ree3 41. Bxc3 1-0

[Event "L. Polugaevsky Memorial 2012"]
[Site "Samara"]
[Date "2012.07.07"]
[Round "3.22"]
[White "Kobylsky, Evgeny"]
[Black "Dimukhametov, Artur"]
[Result "0-1"]
[WhiteElo "2091"]
[BlackElo "2355"]
[PlyCount "80"]
[EventDate "2012.07.05"]

1. e4 e6 2. d4 d5 3. e5 c5 4. c3 Qb6 5. Nf3 Nc6 6. Be2 cxd4 7. cxd4 Nh6 8. b3
Bb4+ 9. Kf1 Nf5 10. Bb2 h5 11. h4 Bd7 12. Nc3 O-O 13. Na4 Qc7 14. Nc5 f6 15.
exf6 Rxf6 16. a3 Bxc5 17. dxc5 d4 18. Kg1 Be8 19. Ng5 Qf4 20. Qe1 Kh8 21. Rd1
Bg6 22. b4 Raf8 23. Bc1 Qb8 24. Bc4 Ne5 25. Bb3 Ng4 26. Ne4 R6f7 27. Bxe6 Re7
28. Ng5 Rf6 29. Qe2 Nxf2 30. Qxf2 Ng3 31. Qa2 Nxh1 32. Kxh1 Qg3 33. Qd5 Qxh4+
34. Kg1 Qf2+ 35. Kh1 Qe2 36. Qxd4 Rexe6 37. Nxe6 Rxe6 38. Bh6 Re7 39. Bg5 Be4
40. Rg1 Qg4 0-1

[Event "L. Polugaevsky Memorial 2012"]
[Site "Samara"]
[Date "2012.07.07"]
[Round "3.23"]
[White "Fatkhutdinov, Gafiyat"]
[Black "Afanasiev, Dmitry"]
[Result "1-0"]
[WhiteElo "2354"]
[BlackElo "2068"]
[PlyCount "55"]
[EventDate "2012.07.05"]

1. e4 c5 2. Nf3 e6 3. c3 Nf6 4. d3 d5 5. Nbd2 Nc6 6. g3 Be7 7. Bg2 O-O 8. O-O
b5 9. Re1 Qc7 10. Qe2 b4 11. e5 bxc3 12. bxc3 Nd7 13. Nf1 Ba6 14. Bf4 Qa5 15.
Rac1 Rab8 16. h4 Nb6 17. Ne3 Na4 18. Nd1 Rb6 19. Nh2 Rfb8 20. Ng4 Rb1 21. Nf6+
gxf6 22. Qg4+ Kh8 23. Rxb1 Rg8 24. Qf3 fxe5 25. Rxe5 Nxc3 26. Rh5 f5 27. Bd2
Bf6 28. Rxh7+ 1-0

[Event "L. Polugaevsky Memorial 2012"]
[Site "Samara"]
[Date "2012.07.07"]
[Round "3.24"]
[White "Komendatyan, Artyom"]
[Black "Duzhakov, Ilya"]
[Result "0-1"]
[WhiteElo "2036"]
[BlackElo "2342"]
[PlyCount "90"]
[EventDate "2012.07.05"]

1. e4 c5 2. Nc3 Nc6 3. g3 g6 4. Bg2 Bg7 5. d3 e6 6. f4 Nge7 7. Nf3 d6 8. O-O
O-O 9. Be3 Nd4 10. Rb1 Qa5 11. a3 Bd7 12. Ne2 Nxe2+ 13. Qxe2 Rac8 14. Rfd1 Qa6
15. Qf2 Bc6 16. g4 b6 17. Qh4 Qb7 18. Rf1 Rce8 19. Rbe1 Qd7 20. Bc1 f6 21. Rf2
h6 22. Rfe2 Qb7 23. Qg3 Kh7 24. c3 f5 25. Nh4 fxg4 26. Qxg4 Qc8 27. Bh3 Bf6 28.
Rg2 Rg8 29. Nf3 Bd7 30. e5 Bh8 31. Qh4 Nf5 32. Bxf5 exf5 33. Rge2 Bc6 34. Qh3
Qa8 35. Kf2 Bxf3 36. Qxf3 Qxf3+ 37. Kxf3 dxe5 38. fxe5 Rd8 39. Re3 Rge8 40. Bd2
g5 41. d4 cxd4 42. cxd4 Rxd4 43. Bc3 Rd5 44. Kg2 Kg6 45. R1e2 Re6 0-1

[Event "L. Polugaevsky Memorial 2012"]
[Site "Samara"]
[Date "2012.07.07"]
[Round "3.26"]
[White "Chekletsov, Ilya"]
[Black "Nugumanov, Bakhtiyar"]
[Result "0-1"]
[WhiteElo "2021"]
[BlackElo "2279"]
[PlyCount "58"]
[EventDate "2012.07.05"]

1. d4 Nf6 2. c4 g6 3. Nc3 Bg7 4. e4 O-O 5. f3 d6 6. Be3 Nbd7 7. Qd2 c5 8. Nge2
a6 9. d5 Ne5 10. Nc1 e6 11. a4 exd5 12. cxd5 Bd7 13. Be2 b5 14. axb5 axb5 15.
Rxa8 Qxa8 16. Nxb5 Bxb5 17. Bxb5 Rb8 18. Bc6 Qa1 19. O-O Nc4 20. Qe2 Nxe3 21.
Qxe3 Ng4 22. Qa3 Bd4+ 23. Kh1 Nf2+ 24. Kg1 Nd3+ 25. Kh1 Qxa3 26. bxa3 Rb1 27.
Bb5 Nf2+ 28. Kg1 Rxb5 29. Rxf2 Rb1 0-1

[Event "L. Polugaevsky Memorial 2012"]
[Site "Samara"]
[Date "2012.07.07"]
[Round "3.27"]
[White "Shapiro, David"]
[Black "Sukhareva, Evgeniya"]
[Result "1/2-1/2"]
[WhiteElo "2007"]
[BlackElo "2259"]
[PlyCount "86"]
[EventDate "2012.07.05"]

1. d4 d5 2. c4 dxc4 3. Nf3 a6 4. e3 e6 5. Bxc4 Nf6 6. O-O b5 7. Bb3 Bb7 8. a4
b4 9. a5 Nbd7 10. Ba4 Be7 11. Ne5 O-O 12. Nc6 Bxc6 13. Bxc6 Ra7 14. b3 Nd5 15.
e4 N5f6 16. e5 Nd5 17. Qg4 Kh8 18. Bxd5 exd5 19. f4 f6 20. Qe6 fxe5 21. fxe5 c5
22. Be3 cxd4 23. Bxd4 Rxf1+ 24. Kxf1 Qf8+ 25. Kg1 Nc5 26. Qc6 Qa8 27. Qxa8+
Rxa8 28. Nd2 Ne6 29. Bf2 Rc8 30. Nf3 Rc3 31. Nd4 Nxd4 32. Bxd4 Rc2 33. Rf1 Kg8
34. e6 Re2 35. Rf7 Bf8 36. Rd7 Rxe6 37. Rxd5 Re2 38. Bc5 Bxc5+ 39. Rxc5 Rb2 40.
Rc6 Rxb3 41. Rxa6 Rb1+ 42. Kf2 Rb2+ 43. Kf3 Ra2 1/2-1/2

[Event "L. Polugaevsky Memorial 2012"]
[Site "Samara"]
[Date "2012.07.07"]
[Round "3.28"]
[White "Mirzoeva, Elmira"]
[Black "Bykova, Anastasia"]
[Result "1-0"]
[WhiteElo "2251"]
[BlackElo "2005"]
[PlyCount "55"]
[EventDate "2012.07.05"]

1. d4 d5 2. Nf3 Nf6 3. c4 c6 4. Nc3 Qb6 5. c5 Qc7 6. g3 Bf5 7. Bf4 Qc8 8. Bg2
e6 9. Nd2 Be7 10. e4 dxe4 11. Ncxe4 Nxe4 12. Nxe4 Bxe4 13. Bxe4 Nd7 14. O-O Nf6
15. Bc2 Nd5 16. Be5 O-O 17. Qh5 g6 18. Qh6 Bf6 19. Rae1 Re8 20. Re4 Bh8 21. Rh4
Nf6 22. Bxf6 Bxf6 23. Qxh7+ Kf8 24. Bxg6 Re7 25. Rf4 Bg7 26. Re1 Qd7 27. Re3 b6
28. Ref3 1-0

[Event "L. Polugaevsky Memorial 2012"]
[Site "Samara"]
[Date "2012.07.07"]
[Round "3.29"]
[White "Elistratov, Semen"]
[Black "Zhurikhin, Alexander"]
[Result "1/2-1/2"]
[WhiteElo "1985"]
[BlackElo "2240"]
[PlyCount "87"]
[EventDate "2012.07.05"]

1. e4 e5 2. Nf3 Nc6 3. Bb5 Nf6 4. O-O Nxe4 5. d4 Nd6 6. dxe5 Nxb5 7. a4 Nbd4 8.
Nxd4 Nxd4 9. Qxd4 d5 10. exd6 Qxd6 11. Qe4+ Qe6 12. Qd4 Qb6 13. Qxb6 axb6 14.
Nc3 c6 15. Be3 Ra6 16. Rfe1 Be7 17. Bd4 Rg8 18. b4 Be6 19. b5 cxb5 20. axb5
Rxa1 21. Rxa1 Kd7 22. Bxb6 Rc8 23. Rd1+ Ke8 24. Bd4 f6 25. f3 Rc4 26. Kf1 Bb4
27. Na2 Ba5 28. c3 Ra4 29. Nb4 Bc4+ 30. Kg1 Bxb5 31. Re1+ Kf7 32. Bc5 Bd8 33.
h3 h5 34. Kf2 h4 35. Re4 g5 36. f4 Ra1 37. c4 Rc1 38. fxg5 fxg5 39. Nd3 Rc2+
40. Kf3 Rc3 41. Ke2 Ba6 42. Ne5+ Kg8 43. Kf2 Rc2+ 44. Kg1 1/2-1/2

[Event "L. Polugaevsky Memorial 2012"]
[Site "Samara"]
[Date "2012.07.07"]
[Round "3.30"]
[White "Korchmar, Vasiliy"]
[Black "Semenova, Alena"]
[Result "1-0"]
[WhiteElo "2236"]
[BlackElo "1957"]
[PlyCount "67"]
[EventDate "2012.07.05"]

1. d4 f5 2. g3 Nf6 3. Bg2 e6 4. Nf3 c6 5. O-O d5 6. c4 Bd6 7. b3 Qe7 8. Ne5
Nbd7 9. Nd3 O-O 10. Bf4 b6 11. Nd2 Bb7 12. Nf3 Rfd8 13. Rc1 c5 14. e3 Rac8 15.
Re1 Ne4 16. Re2 cxd4 17. exd4 Ba3 18. Rcc2 dxc4 19. bxc4 Bc6 20. Nd2 Ba4 21.
Nb3 Ndf6 22. Be5 Nd6 23. Bxf6 Qxf6 24. Rxe6 Qf8 25. Bd5 Kh8 26. Ne5 Be8 27. Qf3
Bd7 28. Rxd6 Bxd6 29. Nf7+ Qxf7 30. Bxf7 Rf8 31. Bd5 f4 32. g4 Rf6 33. h3 h5
34. g5 1-0

[Event "L. Polugaevsky Memorial 2012"]
[Site "Samara"]
[Date "2012.07.07"]
[Round "3.31"]
[White "Alieva, Alexandra"]
[Black "Popov, Alexey"]
[Result "1/2-1/2"]
[WhiteElo "1975"]
[BlackElo "2229"]
[PlyCount "97"]
[EventDate "2012.07.05"]

1. e4 d5 2. exd5 Qxd5 3. Nc3 Qa5 4. d4 Nf6 5. Nf3 Ne4 6. Bd2 Nxd2 7. Qxd2 e6 8.
Bd3 Bb4 9. O-O Bxc3 10. bxc3 Nd7 11. Rfe1 O-O 12. Ne5 Nf6 13. Re3 c5 14. Nc4
Qc7 15. Rf3 b5 16. Rxf6 bxc4 17. Be4 Rb8 18. Qf4 Qxf4 19. Rxf4 f5 20. Bc6 g5
21. Rf3 Rb6 22. d5 Rd8 23. Re3 exd5 24. Bxd5+ Rxd5 25. Re8+ Kg7 26. Rxc8 Rb2
27. Rc7+ Kg6 28. Rxa7 Rxc2 29. h3 Rcd2 30. Kf1 f4 31. a4 h5 32. a5 g4 33. a6 f3
34. Re7 g3 35. fxg3 Rd1+ 36. Re1 fxg2+ 37. Kg1 Rxe1+ 38. Rxe1 Rd8 39. Ra1 Kf5
40. Kxg2 Ke4 41. Re1+ Kf5 42. Kf3 Rd3+ 43. Kf2 Rd7 44. Ra1 Ra7 45. Kf3 Ke5 46.
Ra5 Kd5 47. Kf4 h4 48. g4 Rxa6 49. Rxa6 1/2-1/2

[Event "L. Polugaevsky Memorial 2012"]
[Site "Samara"]
[Date "2012.07.07"]
[Round "3.32"]
[White "Khanin, Semen"]
[Black "Litvinov, Maxim"]
[Result "1-0"]
[WhiteElo "2221"]
[BlackElo "1947"]
[PlyCount "122"]
[EventDate "2012.07.05"]

1. e4 e5 2. Nf3 Nc6 3. Bb5 a6 4. Ba4 Nf6 5. O-O Be7 6. Re1 b5 7. Bb3 d6 8. c3
O-O 9. d4 Bg4 10. d5 Na5 11. Bc2 c6 12. h3 Bc8 13. dxc6 Qc7 14. Nbd2 Qxc6 15.
Nf1 Be6 16. Ng3 g6 17. Bg5 Rfc8 18. Qd2 b4 19. cxb4 Qxc2 20. bxa5 Qxd2 21. Bxd2
Rab8 22. Bc3 Nd7 23. Red1 Nc5 24. a3 Na4 25. Bb4 Nxb2 26. Rd2 Nc4 27. Rdd1 f5
28. exf5 gxf5 29. Ne2 Kf7 30. Nc3 Rc6 31. Nd5 Bxd5 32. Rxd5 Ke6 33. Rad1 Rbc8
34. Kf1 Nb2 35. R1d2 Na4 36. g3 Nc3 37. R5d3 Ne4 38. Re2 Rc2 39. Rde3 Rxe2 40.
Rxe2 Bf6 41. Ne1 d5 42. Nd3 d4 43. Be1 Nc5 44. Rc2 Be7 45. Bb4 Kd5 46. Bxc5
Bxc5 47. Nb4+ Kd6 48. Nxa6 e4 49. Rxc5 Rxc5 50. Nxc5 Kxc5 51. Ke2 Kb5 52. g4
d3+ 53. Kd2 f4 54. g5 Kc4 55. a6 e3+ 56. fxe3 f3 57. a7 f2 58. a8=Q f1=Q 59.
Qc6+ Kb3 60. Qc3+ Ka2 61. Qxd3 Qxh3 1-0

[Event "L. Polugaevsky Memorial 2012"]
[Site "Samara"]
[Date "2012.07.07"]
[Round "3.33"]
[White "Gusarov, Aleksey"]
[Black "Liberman, Evgeny"]
[Result "1-0"]
[WhiteElo "1877"]
[BlackElo "2213"]
[PlyCount "80"]
[EventDate "2012.07.05"]

1. e4 c5 2. Nf3 a6 3. c4 e6 4. Nc3 Qc7 5. Be2 Nc6 6. d4 cxd4 7. Nxd4 Bd6 8. g3
Nxd4 9. Qxd4 Nf6 10. Bg5 Bc5 11. Qd3 d6 12. Bxf6 gxf6 13. O-O Bd7 14. a3 Rd8
15. Rad1 Ke7 16. Rd2 a5 17. Bh5 a4 18. Re1 Qa5 19. Qf3 Rdf8 20. Red1 Bc6 21.
Re2 Bd7 22. Red2 Rhg8 23. e5 fxe5 24. Ne4 f5 25. Nxc5 Qxc5 26. Qxb7 Rb8 27. Qg2
Rb6 28. Qh3 Kd8 29. Qh4+ Kc7 30. Qe7 Rg6 31. Qxh7 Rg5 32. Be8 Qc6 33. Qxd7+
Qxd7 34. Bxd7 Kxd7 35. c5 Rc6 36. Rxd6+ Rxd6 37. Rxd6+ Ke7 38. Rb6 Rg4 39. Rb4
Kd7 40. Rxg4 fxg4 1-0

[Event "L. Polugaevsky Memorial 2012"]
[Site "Samara"]
[Date "2012.07.07"]
[Round "3.35"]
[White "Bakin, Alexander"]
[Black "Sinyanskiy, Maxim"]
[Result "0-1"]
[WhiteElo "2176"]
[BlackElo "1753"]
[PlyCount "142"]
[EventDate "2012.07.05"]

1. e4 c5 2. Nf3 d6 3. Bc4 Nf6 4. c3 e6 5. Qe2 Be7 6. d4 O-O 7. e5 Nd5 8. O-O
cxd4 9. cxd4 dxe5 10. dxe5 Nd7 11. Qe4 Nc5 12. Qg4 f5 13. exf6 Bxf6 14. Nc3
Nxc3 15. bxc3 Bxc3 16. Rb1 Kh8 17. Be3 b6 18. Rfd1 Qc7 19. Bxc5 Qxc5 20. Rbc1
e5 21. Qh4 b5 22. Bd5 Rb8 23. Be4 h6 24. Ng5 Qe7 25. Rxc3 Qxg5 26. Qxg5 hxg5
27. Rc5 Bf5 28. Rxe5 Bxe4 29. Rxe4 Rf5 30. Red4 Kh7 31. f3 a5 32. Kf2 Rc5 33.
Rd5 Rc2+ 34. R1d2 Rxd2+ 35. Rxd2 b4 36. Rd5 a4 37. Ra5 b3 38. axb3 axb3 39. Ra1
b2 40. Rb1 Kg6 41. Ke3 Kf5 42. Kd4 Kf4 43. Kd3 Rb6 44. Kd4 g6 45. Kd3 Rb8 46.
Kd4 Rd8+ 47. Kc3 Rh8 48. Rxb2 Rxh2 49. Kd4 g4 50. fxg4 g5 51. Kd5 Kxg4 52. Ke5
Rh5 53. Rb3 Rh8 54. Kf6 Rh6+ 55. Ke5 Ra6 56. Rb4+ Kg3 57. Rb3+ Kh4 58. Rb2 g4
59. Kf5 Ra5+ 60. Kf4 Ra4+ 61. Kf5 Kg3 62. Rc2 Ra5+ 63. Ke4 Rh5 64. Rc3+ Kxg2
65. Kf4 Rh4 66. Rc2+ Kh3 67. Rc1 g3+ 68. Kf3 g2 69. Kf2 Kh2 70. Ra1 Rf4+ 71.
Ke3 Rf1 0-1